<?xml version="1.0" encoding="UTF-8"?>
<record
    xmlns:xsi="http://www.w3.org/2001/XMLSchema-instance"
    xsi:schemaLocation="http://www.loc.gov/MARC21/slim http://www.loc.gov/standards/marcxml/schema/MARC21slim.xsd"
    xmlns="http://www.loc.gov/MARC21/slim">

  <leader>00868nas a2200241 454500</leader>
  <controlfield tag="001">11460</controlfield>
  <controlfield tag="005">20260407193504.0</controlfield>
  <controlfield tag="008">260407s1976####ag###########|||spa#d</controlfield>
  <controlfield tag="003">AR-UNSa-BCEJYS</controlfield>
  <datafield tag="040" ind1=" " ind2=" ">
    <subfield code="a">AR-UNSa-BCEJYS</subfield>
    <subfield code="b">spa</subfield>
    <subfield code="c">AR-UNSa-BCEJYS</subfield>
  </datafield>
  <datafield tag="080" ind1=" " ind2=" ">
    <subfield code="a">330</subfield>
    <subfield code="x">Econom&#xED;a en general</subfield>
  </datafield>
  <datafield tag="245" ind1="1" ind2="0">
    <subfield code="a">Journal of development economics</subfield>
  </datafield>
  <datafield tag="022" ind1=" " ind2=" ">
    <subfield code="a">0304-3878</subfield>
  </datafield>
  <datafield tag="264" ind1=" " ind2="1">
    <subfield code="a">Amsterdam :</subfield>
    <subfield code="b">North Holland</subfield>
    <subfield code="c">1976</subfield>
  </datafield>
  <datafield tag="310" ind1=" " ind2=" ">
    <subfield code="a">Frecuencia: trimestral
Acceso a texto completo brindado por el Ministerio de Ciencia, Tecnolog&#xED;a e Innovaci&#xF3;n productiva</subfield>
  </datafield>
  <datafield tag="942" ind1=" " ind2=" ">
    <subfield code="c">SER</subfield>
  </datafield>
  <datafield tag="590" ind1=" " ind2=" ">
    <subfield code="a">niveau_biblio:s niveau_hierar:1</subfield>
  </datafield>
  <datafield tag="100" ind1="1" ind2=" ">
    <subfield code="a">Taylor, Lance</subfield>
  </datafield>
  <datafield tag="650" ind1=" " ind2=" ">
    <subfield code="a">Desarrollo econ&#xF3;mico y social</subfield>
  </datafield>
  <datafield tag="650" ind1=" " ind2=" ">
    <subfield code="a">Subdesarrollo</subfield>
  </datafield>
  <datafield tag="650" ind1=" " ind2=" ">
    <subfield code="a">ECONOMIA</subfield>
  </datafield>
  <datafield tag="856" ind1="4" ind2="1">
    <subfield code="u">https://biblioeco.unsa.edu.ar/pmb/images/revistas/Journal of Development Economics.jpg</subfield>
    <subfield code="y">Imagen de portada</subfield>
    <subfield code="q">image/jpeg</subfield>
  </datafield>
  <datafield tag="999" ind1=" " ind2=" ">
    <subfield code="c">8446</subfield>
    <subfield code="d">8446</subfield>
  </datafield>
  <datafield tag="952" ind1=" " ind2=" ">
    <subfield code="0">0</subfield>
    <subfield code="1">0</subfield>
    <subfield code="4">0</subfield>
    <subfield code="7">0</subfield>
    <subfield code="a">BCEJYS</subfield>
    <subfield code="b">BCEJYS</subfield>
    <subfield code="c">17</subfield>
    <subfield code="d">1982-12-01</subfield>
    <subfield code="h">Vol. 11, N&#xBA; 3 - dic. 1982</subfield>
    <subfield code="l">0</subfield>
    <subfield code="o">H330 DEV v11.n3</subfield>
    <subfield code="p">R06077</subfield>
    <subfield code="r">2026-04-10 16:07:13</subfield>
    <subfield code="w">2026-04-10</subfield>
    <subfield code="y">RN</subfield>
  </datafield>
  <datafield tag="952" ind1=" " ind2=" ">
    <subfield code="0">0</subfield>
    <subfield code="1">0</subfield>
    <subfield code="4">0</subfield>
    <subfield code="7">0</subfield>
    <subfield code="a">BCEJYS</subfield>
    <subfield code="b">BCEJYS</subfield>
    <subfield code="c">17</subfield>
    <subfield code="d">1982-10-01</subfield>
    <subfield code="h">Vol. 11, N&#xBA; 2 - oct. 1982</subfield>
    <subfield code="l">0</subfield>
    <subfield code="o">H330 DEV v11.n2</subfield>
    <subfield code="p">R06076</subfield>
    <subfield code="r">2026-04-10 16:07:13</subfield>
    <subfield code="w">2026-04-10</subfield>
    <subfield code="y">RN</subfield>
  </datafield>
  <datafield tag="952" ind1=" " ind2=" ">
    <subfield code="0">0</subfield>
    <subfield code="1">0</subfield>
    <subfield code="4">0</subfield>
    <subfield code="7">0</subfield>
    <subfield code="a">BCEJYS</subfield>
    <subfield code="b">BCEJYS</subfield>
    <subfield code="c">17</subfield>
    <subfield code="d">1982-08-01</subfield>
    <subfield code="h">Vol. 11, N&#xBA; 1 - ago. 1982</subfield>
    <subfield code="l">0</subfield>
    <subfield code="o">H330 DEV v11.n1</subfield>
    <subfield code="p">R06075</subfield>
    <subfield code="r">2026-04-10 16:07:13</subfield>
    <subfield code="w">2026-04-10</subfield>
    <subfield code="y">RN</subfield>
  </datafield>
  <datafield tag="952" ind1=" " ind2=" ">
    <subfield code="0">0</subfield>
    <subfield code="1">0</subfield>
    <subfield code="4">0</subfield>
    <subfield code="7">0</subfield>
    <subfield code="a">BCEJYS</subfield>
    <subfield code="b">BCEJYS</subfield>
    <subfield code="c">17</subfield>
    <subfield code="d">1982-06-01</subfield>
    <subfield code="h">Vol. 10, N&#xBA; 3 - jun. 1982</subfield>
    <subfield code="l">0</subfield>
    <subfield code="o">H330 DEV v10.n3</subfield>
    <subfield code="p">R06074</subfield>
    <subfield code="r">2026-04-10 16:07:13</subfield>
    <subfield code="w">2026-04-10</subfield>
    <subfield code="y">RN</subfield>
  </datafield>
  <datafield tag="952" ind1=" " ind2=" ">
    <subfield code="0">0</subfield>
    <subfield code="1">0</subfield>
    <subfield code="4">0</subfield>
    <subfield code="7">0</subfield>
    <subfield code="a">BCEJYS</subfield>
    <subfield code="b">BCEJYS</subfield>
    <subfield code="c">17</subfield>
    <subfield code="d">1982-04-01</subfield>
    <subfield code="h">Vol. 10, N&#xBA; 2 - abr. 1982</subfield>
    <subfield code="l">0</subfield>
    <subfield code="o">H330 DEV v10.n2</subfield>
    <subfield code="p">R06073</subfield>
    <subfield code="r">2026-04-10 16:07:13</subfield>
    <subfield code="w">2026-04-10</subfield>
    <subfield code="y">RN</subfield>
  </datafield>
  <datafield tag="952" ind1=" " ind2=" ">
    <subfield code="0">0</subfield>
    <subfield code="1">0</subfield>
    <subfield code="4">0</subfield>
    <subfield code="7">0</subfield>
    <subfield code="a">BCEJYS</subfield>
    <subfield code="b">BCEJYS</subfield>
    <subfield code="c">17</subfield>
    <subfield code="d">1982-02-01</subfield>
    <subfield code="h">Vol. 10, N&#xBA; 1 - feb. 1982</subfield>
    <subfield code="l">0</subfield>
    <subfield code="o">H330 DEV v10.n1</subfield>
    <subfield code="p">R06072</subfield>
    <subfield code="r">2026-04-10 16:07:13</subfield>
    <subfield code="w">2026-04-10</subfield>
    <subfield code="y">RN</subfield>
  </datafield>
  <datafield tag="952" ind1=" " ind2=" ">
    <subfield code="0">0</subfield>
    <subfield code="1">0</subfield>
    <subfield code="4">0</subfield>
    <subfield code="7">0</subfield>
    <subfield code="a">BCEJYS</subfield>
    <subfield code="b">BCEJYS</subfield>
    <subfield code="c">17</subfield>
    <subfield code="d">1981-12-01</subfield>
    <subfield code="h">Vol. 9, N&#xBA; 3 - dic. 1981</subfield>
    <subfield code="l">0</subfield>
    <subfield code="o">H330 DEV v9.n3</subfield>
    <subfield code="p">R06071</subfield>
    <subfield code="r">2026-04-10 16:07:13</subfield>
    <subfield code="w">2026-04-10</subfield>
    <subfield code="y">RN</subfield>
  </datafield>
  <datafield tag="952" ind1=" " ind2=" ">
    <subfield code="0">0</subfield>
    <subfield code="1">0</subfield>
    <subfield code="4">0</subfield>
    <subfield code="7">0</subfield>
    <subfield code="a">BCEJYS</subfield>
    <subfield code="b">BCEJYS</subfield>
    <subfield code="c">17</subfield>
    <subfield code="d">1981-10-01</subfield>
    <subfield code="h">Vol. 9, N&#xBA; 2 - oct. 1981</subfield>
    <subfield code="l">0</subfield>
    <subfield code="o">H330 DEV v9.n2</subfield>
    <subfield code="p">R06070</subfield>
    <subfield code="r">2026-04-10 16:07:13</subfield>
    <subfield code="w">2026-04-10</subfield>
    <subfield code="y">RN</subfield>
  </datafield>
  <datafield tag="952" ind1=" " ind2=" ">
    <subfield code="0">0</subfield>
    <subfield code="1">0</subfield>
    <subfield code="4">0</subfield>
    <subfield code="7">0</subfield>
    <subfield code="a">BCEJYS</subfield>
    <subfield code="b">BCEJYS</subfield>
    <subfield code="c">17</subfield>
    <subfield code="d">1981-08-01</subfield>
    <subfield code="h">Vol. 9, N&#xBA; 1 - ago. 1981</subfield>
    <subfield code="l">0</subfield>
    <subfield code="o">H330 DEV v9.n1</subfield>
    <subfield code="p">R06069</subfield>
    <subfield code="r">2026-04-10 16:07:13</subfield>
    <subfield code="w">2026-04-10</subfield>
    <subfield code="y">RN</subfield>
  </datafield>
  <datafield tag="952" ind1=" " ind2=" ">
    <subfield code="0">0</subfield>
    <subfield code="1">0</subfield>
    <subfield code="4">0</subfield>
    <subfield code="7">0</subfield>
    <subfield code="a">BCEJYS</subfield>
    <subfield code="b">BCEJYS</subfield>
    <subfield code="c">17</subfield>
    <subfield code="d">1981-06-01</subfield>
    <subfield code="h">Vol. 8, N&#xBA; 3 - jun. 1981</subfield>
    <subfield code="l">0</subfield>
    <subfield code="o">H330 DEV v8.n3</subfield>
    <subfield code="p">R06068</subfield>
    <subfield code="r">2026-04-10 16:07:13</subfield>
    <subfield code="w">2026-04-10</subfield>
    <subfield code="y">RN</subfield>
  </datafield>
  <datafield tag="952" ind1=" " ind2=" ">
    <subfield code="0">0</subfield>
    <subfield code="1">0</subfield>
    <subfield code="4">0</subfield>
    <subfield code="7">0</subfield>
    <subfield code="a">BCEJYS</subfield>
    <subfield code="b">BCEJYS</subfield>
    <subfield code="c">17</subfield>
    <subfield code="d">1981-04-01</subfield>
    <subfield code="h">Vol. 8, N&#xBA; 2 - abr. 1981</subfield>
    <subfield code="l">0</subfield>
    <subfield code="o">H330 DEV v8.n2</subfield>
    <subfield code="p">R06067</subfield>
    <subfield code="r">2026-04-10 16:07:13</subfield>
    <subfield code="w">2026-04-10</subfield>
    <subfield code="y">RN</subfield>
  </datafield>
  <datafield tag="952" ind1=" " ind2=" ">
    <subfield code="0">0</subfield>
    <subfield code="1">0</subfield>
    <subfield code="4">0</subfield>
    <subfield code="7">0</subfield>
    <subfield code="a">BCEJYS</subfield>
    <subfield code="b">BCEJYS</subfield>
    <subfield code="c">17</subfield>
    <subfield code="d">1981-02-01</subfield>
    <subfield code="h">Vol. 8, N&#xBA; 1 - feb. 1981</subfield>
    <subfield code="l">0</subfield>
    <subfield code="o">H330 DEV v8.n1</subfield>
    <subfield code="p">R06066</subfield>
    <subfield code="r">2026-04-10 16:07:13</subfield>
    <subfield code="w">2026-04-10</subfield>
    <subfield code="y">RN</subfield>
  </datafield>
  <datafield tag="952" ind1=" " ind2=" ">
    <subfield code="0">0</subfield>
    <subfield code="1">0</subfield>
    <subfield code="4">0</subfield>
    <subfield code="7">0</subfield>
    <subfield code="a">BCEJYS</subfield>
    <subfield code="b">BCEJYS</subfield>
    <subfield code="c">17</subfield>
    <subfield code="d">1980-12-01</subfield>
    <subfield code="h">Vol. 7, N&#xBA; 4 - dic. 1980</subfield>
    <subfield code="l">0</subfield>
    <subfield code="o">H330 DEV v7.n4</subfield>
    <subfield code="p">R06065</subfield>
    <subfield code="r">2026-04-10 16:07:13</subfield>
    <subfield code="w">2026-04-10</subfield>
    <subfield code="y">RN</subfield>
  </datafield>
  <datafield tag="952" ind1=" " ind2=" ">
    <subfield code="0">0</subfield>
    <subfield code="1">0</subfield>
    <subfield code="4">0</subfield>
    <subfield code="7">0</subfield>
    <subfield code="a">BCEJYS</subfield>
    <subfield code="b">BCEJYS</subfield>
    <subfield code="c">17</subfield>
    <subfield code="d">1980-09-01</subfield>
    <subfield code="h">Vol. 7, N&#xBA; 3 - sep. 1980</subfield>
    <subfield code="l">0</subfield>
    <subfield code="o">H330 DEV v7.n3</subfield>
    <subfield code="p">R06064</subfield>
    <subfield code="r">2026-04-10 16:07:14</subfield>
    <subfield code="w">2026-04-10</subfield>
    <subfield code="y">RN</subfield>
  </datafield>
  <datafield tag="952" ind1=" " ind2=" ">
    <subfield code="0">0</subfield>
    <subfield code="1">0</subfield>
    <subfield code="4">0</subfield>
    <subfield code="7">0</subfield>
    <subfield code="a">BCEJYS</subfield>
    <subfield code="b">BCEJYS</subfield>
    <subfield code="c">17</subfield>
    <subfield code="d">1980-06-01</subfield>
    <subfield code="h">Vol. 7, N&#xBA; 2 - jun. 1980</subfield>
    <subfield code="l">0</subfield>
    <subfield code="o">H330 DEV v7.n2</subfield>
    <subfield code="p">R06063</subfield>
    <subfield code="r">2026-04-10 16:07:14</subfield>
    <subfield code="w">2026-04-10</subfield>
    <subfield code="y">RN</subfield>
  </datafield>
  <datafield tag="952" ind1=" " ind2=" ">
    <subfield code="0">0</subfield>
    <subfield code="1">0</subfield>
    <subfield code="4">0</subfield>
    <subfield code="7">0</subfield>
    <subfield code="a">BCEJYS</subfield>
    <subfield code="b">BCEJYS</subfield>
    <subfield code="c">17</subfield>
    <subfield code="d">1980-03-01</subfield>
    <subfield code="h">Vol. 7, N&#xBA; 1 - mar. 1980</subfield>
    <subfield code="l">0</subfield>
    <subfield code="o">H330 DEV v7.n1</subfield>
    <subfield code="p">R06062</subfield>
    <subfield code="r">2026-04-10 16:07:14</subfield>
    <subfield code="w">2026-04-10</subfield>
    <subfield code="y">RN</subfield>
  </datafield>
  <datafield tag="952" ind1=" " ind2=" ">
    <subfield code="0">0</subfield>
    <subfield code="1">0</subfield>
    <subfield code="4">0</subfield>
    <subfield code="7">0</subfield>
    <subfield code="a">BCEJYS</subfield>
    <subfield code="b">BCEJYS</subfield>
    <subfield code="c">17</subfield>
    <subfield code="d">1979-12-01</subfield>
    <subfield code="h">Vol. 6, N&#xBA; 4 - dic. 1979</subfield>
    <subfield code="l">0</subfield>
    <subfield code="o">H330 DEV v6.n4</subfield>
    <subfield code="p">R06061</subfield>
    <subfield code="r">2026-04-10 16:07:14</subfield>
    <subfield code="w">2026-04-10</subfield>
    <subfield code="y">RN</subfield>
  </datafield>
  <datafield tag="952" ind1=" " ind2=" ">
    <subfield code="0">0</subfield>
    <subfield code="1">0</subfield>
    <subfield code="4">0</subfield>
    <subfield code="7">0</subfield>
    <subfield code="a">BCEJYS</subfield>
    <subfield code="b">BCEJYS</subfield>
    <subfield code="c">17</subfield>
    <subfield code="d">1979-09-01</subfield>
    <subfield code="h">Vol. 6, N&#xBA; 3 - sep. 1979</subfield>
    <subfield code="l">0</subfield>
    <subfield code="o">H330 DEV v6.n3</subfield>
    <subfield code="p">R06060</subfield>
    <subfield code="r">2026-04-10 16:07:14</subfield>
    <subfield code="w">2026-04-10</subfield>
    <subfield code="y">RN</subfield>
  </datafield>
  <datafield tag="952" ind1=" " ind2=" ">
    <subfield code="0">0</subfield>
    <subfield code="1">0</subfield>
    <subfield code="4">0</subfield>
    <subfield code="7">0</subfield>
    <subfield code="a">BCEJYS</subfield>
    <subfield code="b">BCEJYS</subfield>
    <subfield code="c">17</subfield>
    <subfield code="d">1979-06-01</subfield>
    <subfield code="h">Vol. 6, N&#xBA; 2 - jun. 1979</subfield>
    <subfield code="l">0</subfield>
    <subfield code="o">H330 DEV v6.n2</subfield>
    <subfield code="p">R06059</subfield>
    <subfield code="r">2026-04-10 16:07:14</subfield>
    <subfield code="w">2026-04-10</subfield>
    <subfield code="y">RN</subfield>
  </datafield>
  <datafield tag="952" ind1=" " ind2=" ">
    <subfield code="0">0</subfield>
    <subfield code="1">0</subfield>
    <subfield code="4">0</subfield>
    <subfield code="7">0</subfield>
    <subfield code="a">BCEJYS</subfield>
    <subfield code="b">BCEJYS</subfield>
    <subfield code="c">17</subfield>
    <subfield code="d">1979-03-01</subfield>
    <subfield code="h">Vol. 6, N&#xBA; 1 - mar. 1979</subfield>
    <subfield code="l">0</subfield>
    <subfield code="o">H330 DEV v6.n1</subfield>
    <subfield code="p">R06058</subfield>
    <subfield code="r">2026-04-10 16:07:14</subfield>
    <subfield code="w">2026-04-10</subfield>
    <subfield code="y">RN</subfield>
  </datafield>
  <datafield tag="952" ind1=" " ind2=" ">
    <subfield code="0">0</subfield>
    <subfield code="1">0</subfield>
    <subfield code="4">0</subfield>
    <subfield code="7">0</subfield>
    <subfield code="a">BCEJYS</subfield>
    <subfield code="b">BCEJYS</subfield>
    <subfield code="c">17</subfield>
    <subfield code="d">1978-12-01</subfield>
    <subfield code="h">Vol. 5, N&#xBA; 4 - dic. 1978</subfield>
    <subfield code="l">0</subfield>
    <subfield code="o">H330 DEV v5.n4</subfield>
    <subfield code="p">R06057</subfield>
    <subfield code="r">2026-04-10 16:07:14</subfield>
    <subfield code="w">2026-04-10</subfield>
    <subfield code="y">RN</subfield>
  </datafield>
  <datafield tag="952" ind1=" " ind2=" ">
    <subfield code="0">0</subfield>
    <subfield code="1">0</subfield>
    <subfield code="4">0</subfield>
    <subfield code="7">0</subfield>
    <subfield code="a">BCEJYS</subfield>
    <subfield code="b">BCEJYS</subfield>
    <subfield code="c">17</subfield>
    <subfield code="d">1978-09-01</subfield>
    <subfield code="h">Vol. 5, N&#xBA; 3 - sep. 1978</subfield>
    <subfield code="l">0</subfield>
    <subfield code="o">H330 DEV v5.n3</subfield>
    <subfield code="p">R06056</subfield>
    <subfield code="r">2026-04-10 16:07:14</subfield>
    <subfield code="w">2026-04-10</subfield>
    <subfield code="y">RN</subfield>
  </datafield>
  <datafield tag="952" ind1=" " ind2=" ">
    <subfield code="0">0</subfield>
    <subfield code="1">0</subfield>
    <subfield code="4">0</subfield>
    <subfield code="7">0</subfield>
    <subfield code="a">BCEJYS</subfield>
    <subfield code="b">BCEJYS</subfield>
    <subfield code="c">17</subfield>
    <subfield code="d">1978-06-01</subfield>
    <subfield code="h">Vol. 5, N&#xBA; 2 - jun. 1978</subfield>
    <subfield code="l">0</subfield>
    <subfield code="o">H330 DEV v5.n2</subfield>
    <subfield code="p">R06055</subfield>
    <subfield code="r">2026-04-10 16:07:14</subfield>
    <subfield code="w">2026-04-10</subfield>
    <subfield code="y">RN</subfield>
  </datafield>
  <datafield tag="952" ind1=" " ind2=" ">
    <subfield code="0">0</subfield>
    <subfield code="1">0</subfield>
    <subfield code="4">0</subfield>
    <subfield code="7">0</subfield>
    <subfield code="a">BCEJYS</subfield>
    <subfield code="b">BCEJYS</subfield>
    <subfield code="c">17</subfield>
    <subfield code="d">1978-03-01</subfield>
    <subfield code="h">Vol. 5, N&#xBA; 1 - mar. 1978</subfield>
    <subfield code="l">0</subfield>
    <subfield code="o">H330 DEV v5.n1</subfield>
    <subfield code="p">R06054</subfield>
    <subfield code="r">2026-04-10 16:07:14</subfield>
    <subfield code="w">2026-04-10</subfield>
    <subfield code="y">RN</subfield>
  </datafield>
  <datafield tag="952" ind1=" " ind2=" ">
    <subfield code="0">0</subfield>
    <subfield code="1">0</subfield>
    <subfield code="4">0</subfield>
    <subfield code="7">0</subfield>
    <subfield code="a">BCEJYS</subfield>
    <subfield code="b">BCEJYS</subfield>
    <subfield code="c">17</subfield>
    <subfield code="d">1977-12-01</subfield>
    <subfield code="h">Vol. 4, N&#xBA; 4 - dic. 1977</subfield>
    <subfield code="l">0</subfield>
    <subfield code="o">H330 DEV v4.n4</subfield>
    <subfield code="p">R06049</subfield>
    <subfield code="r">2026-04-10 16:07:14</subfield>
    <subfield code="w">2026-04-10</subfield>
    <subfield code="y">RN</subfield>
  </datafield>
  <datafield tag="952" ind1=" " ind2=" ">
    <subfield code="0">0</subfield>
    <subfield code="1">0</subfield>
    <subfield code="4">0</subfield>
    <subfield code="7">0</subfield>
    <subfield code="a">BCEJYS</subfield>
    <subfield code="b">BCEJYS</subfield>
    <subfield code="c">17</subfield>
    <subfield code="d">1977-09-01</subfield>
    <subfield code="h">Vol. 4, N&#xBA; 3 - sep. 1977</subfield>
    <subfield code="l">0</subfield>
    <subfield code="o">H330 DEV v4.n3</subfield>
    <subfield code="p">R06048</subfield>
    <subfield code="r">2026-04-10 16:07:14</subfield>
    <subfield code="w">2026-04-10</subfield>
    <subfield code="y">RN</subfield>
  </datafield>
  <datafield tag="952" ind1=" " ind2=" ">
    <subfield code="0">0</subfield>
    <subfield code="1">0</subfield>
    <subfield code="4">0</subfield>
    <subfield code="7">0</subfield>
    <subfield code="a">BCEJYS</subfield>
    <subfield code="b">BCEJYS</subfield>
    <subfield code="c">17</subfield>
    <subfield code="d">1977-06-01</subfield>
    <subfield code="h">Vol. 4, N&#xBA; 2 - jun. 1977</subfield>
    <subfield code="l">0</subfield>
    <subfield code="o">H330 DEV v4.n2</subfield>
    <subfield code="p">R06047</subfield>
    <subfield code="r">2026-04-10 16:07:14</subfield>
    <subfield code="w">2026-04-10</subfield>
    <subfield code="y">RN</subfield>
  </datafield>
  <datafield tag="952" ind1=" " ind2=" ">
    <subfield code="0">0</subfield>
    <subfield code="1">0</subfield>
    <subfield code="4">0</subfield>
    <subfield code="7">0</subfield>
    <subfield code="a">BCEJYS</subfield>
    <subfield code="b">BCEJYS</subfield>
    <subfield code="c">17</subfield>
    <subfield code="d">1977-03-01</subfield>
    <subfield code="h">Vol. 4, N&#xBA; 1 - mar. 1977</subfield>
    <subfield code="l">0</subfield>
    <subfield code="o">H330 DEV v4.n1</subfield>
    <subfield code="p">R06041</subfield>
    <subfield code="r">2026-04-10 16:07:14</subfield>
    <subfield code="w">2026-04-10</subfield>
    <subfield code="y">RN</subfield>
  </datafield>
  <datafield tag="952" ind1=" " ind2=" ">
    <subfield code="0">0</subfield>
    <subfield code="1">0</subfield>
    <subfield code="4">0</subfield>
    <subfield code="7">0</subfield>
    <subfield code="a">BCEJYS</subfield>
    <subfield code="b">BCEJYS</subfield>
    <subfield code="c">17</subfield>
    <subfield code="d">1976-12-01</subfield>
    <subfield code="h">Vol. 3, N&#xBA; 4 - dic. 1976</subfield>
    <subfield code="l">0</subfield>
    <subfield code="o">H330 DEV v3.n4</subfield>
    <subfield code="p">R06053</subfield>
    <subfield code="r">2026-04-10 16:07:14</subfield>
    <subfield code="w">2026-04-10</subfield>
    <subfield code="y">RN</subfield>
  </datafield>
  <datafield tag="952" ind1=" " ind2=" ">
    <subfield code="0">0</subfield>
    <subfield code="1">0</subfield>
    <subfield code="4">0</subfield>
    <subfield code="7">0</subfield>
    <subfield code="a">BCEJYS</subfield>
    <subfield code="b">BCEJYS</subfield>
    <subfield code="c">17</subfield>
    <subfield code="d">1976-09-01</subfield>
    <subfield code="h">Vol. 3, N&#xBA; 3 - sep. 1976</subfield>
    <subfield code="l">0</subfield>
    <subfield code="o">H330 DEV v3.n3</subfield>
    <subfield code="p">R06052</subfield>
    <subfield code="r">2026-04-10 16:07:14</subfield>
    <subfield code="w">2026-04-10</subfield>
    <subfield code="y">RN</subfield>
  </datafield>
  <datafield tag="952" ind1=" " ind2=" ">
    <subfield code="0">0</subfield>
    <subfield code="1">0</subfield>
    <subfield code="4">0</subfield>
    <subfield code="7">0</subfield>
    <subfield code="a">BCEJYS</subfield>
    <subfield code="b">BCEJYS</subfield>
    <subfield code="c">17</subfield>
    <subfield code="d">1976-07-01</subfield>
    <subfield code="h">Vol. 3, N&#xBA; 2 - jul. 1976</subfield>
    <subfield code="l">0</subfield>
    <subfield code="o">H330 DEV v3.n2</subfield>
    <subfield code="p">R06051</subfield>
    <subfield code="r">2026-04-10 16:07:14</subfield>
    <subfield code="w">2026-04-10</subfield>
    <subfield code="y">RN</subfield>
  </datafield>
  <datafield tag="952" ind1=" " ind2=" ">
    <subfield code="0">0</subfield>
    <subfield code="1">0</subfield>
    <subfield code="4">0</subfield>
    <subfield code="7">0</subfield>
    <subfield code="a">BCEJYS</subfield>
    <subfield code="b">BCEJYS</subfield>
    <subfield code="c">17</subfield>
    <subfield code="d">1976-03-01</subfield>
    <subfield code="h">Vol. 3, N&#xBA; 1 - mar. 1976</subfield>
    <subfield code="l">0</subfield>
    <subfield code="o">H330 DEV v3.n1</subfield>
    <subfield code="p">R06050</subfield>
    <subfield code="r">2026-04-10 16:07:14</subfield>
    <subfield code="w">2026-04-10</subfield>
    <subfield code="y">RN</subfield>
  </datafield>
</record>
